000 00595nam a2200169 i 4500
001 83221
003 ES-MaACL
005 20230906174808.0
007 t|
008 041116s1964 sp ||||1| spa d
110 2 _aInstituto Nacional de Industria (España)
_93953
245 1 0 _aResumen sobre finalidades y actuación del Instituto Nacional de Industria y de las empresas en que participa.
260 _aMadrid :
_b[s.n.,
_c1964]
300 _aXVI, 560 p., 58 lám. ;
_c30 cm.
610 2 4 _aInstituto Nacional de Industria (España)-
_vMemorias.
_9170432
852 _aES-MaACL
_jC-25187
_bR.54009
999 _c83221
_d83221